Largest Cities In New York - Statistics

General Stats
  • This quiz has been taken 58 times
  • The average score is 8 of 15
Answer Stats
Pop. City % Correct
8,550,405 New York City
100%
98,251 Albany
92%
258,612 Buffalo
92%
143,396 Syracuse
87%
208,046 Rochester
82%
202,019 Yonkers
76%
60,635 Utica
53%
59,047 White Plains
45%
45,179 Binghamton
37%
79,946 New Rochelle
37%
65,625 Schenectady
34%
49,565 Troy
34%
48,460 Niagara Falls
29%
68,703 Mount Vernon
21%
43,508 Freeport
0%
No matching quizzes found
Score Distribution
Percent of People with Each Score
Percentile by Number Answered
Your Score History
You have not taken this quiz